10 najpopularniejszych firm komputerowych - Statystyki

Ogólne statystyki
  • Ten quiz został rozwiązany 33 razy
  • Średni wynik to 5 z 10
Statystyki odpowiedzi
# Firma % Poprawnych
3 Dell
74%
4 Apple
70%
8 Samsung
70%
5 Asus
67%
2 Hewlett-Packard, HP
67%
1 Lenovo
67%
6 Acer
59%
10 Huawei
33%
7 Micro-Star International, MSI
30%
9 Razer
11%
Nie znaleziono quizów pasujących do podanych kryteriów
Rozkład punktacji
Procent ludzi z każdym wynikiem
Percentyl według liczby udzielonych odpowiedzi
Twoja historia wyników
Nie rozwiązałeś tego quizu